Countries that Border... #5 (Germany) - Statistics

General Stats
  • This quiz has been taken 30 times
  • The average score is 9 of 9
Answer Stats
Number Country % Correct
4. Austria
100%
3. Czech Republic
100%
7. Netherlands
100%
6. Belgium
95%
1. Denmark
95%
5. France
95%
8. Luxembourg
95%
2. Poland
95%
9. Switzerland
90%
No matching quizzes found
Score Distribution
Percent of People with Each Score
Percentile by Number Answered
Your Score History
You have not taken this quiz